000 01294cab a2200217 4500
001 E84459
008 090401t1997 xxu||||| |||| 00| 0 eng d
035 _a(Sirsi) u78853
041 _aeng
245 _aBank of Scotland v Fernand
260 _c1997
350 _a0
490 _aGreens Housing Law Reports
_v1997 HousLR 65-69(5)
520 _aSheriffdom of Strathkelvin and Glasgow at Glasgow. Sheriff Principal N D MacLeod, QC. 4 April 1997. Heritable property - standard security - heritable creditor - creditor`s right to exercise remedies on default by debtor - right to apply to court for warrant to exercise remedy - whether competent to seek declarator of right to remedy without obtaining warrant to exercise remedy - Conveyancing and Feudal Reform (Scotland) Act 1970 (c35), s24. Process - pleaading - competency - statutory right of heritable creditor to apply to court for warrant to exercise remedy on default - whether competent to seek declarator of right to remedy without obtaining warrant to exercise remedy.
650 _aCONVEYANCING AND FEUDAL REFORM (SCOTLAND) ACT 1970 S24
650 _aCONVEYANCING AND FEUDAL REFORM (SCOTLAND) ACT 1970
650 _aHERITABLE PROPERTY
690 _aPROPERTY LAW AND PRACTICE-CASE LAW
942 _n0
948 _c11/06/1997
999 _c49559
_d49559